Работата с популярна естествено-научна литература в библиотеките (Запис номер 129798)
[ съкратено ]
| 000 -Лидер | |
|---|---|
| Контролно поле с фиксирана дължина | nam a22 a 4500 |
| 003 - Код на организацията, давaща контролен номер | |
| Контролно поле | BLK |
| 005 - Дата и час на последна редакция | |
| Контролно поле | 20210311145635.0 |
| 008 - Елементи от данни с фиксирана дължина | |
| fixed length control field | 180409b bul|||||r ||||||| ||bul|| |
| 010 ## - Наследен системен номер | |
| LC control number | KNG00135543000 |
| 040 ## - Източник на каталожния запис | |
| Идентификатор на билиотеката - собственик на записа | BLK |
| 041 ## - Код за език | |
| Код за езика на текст/звукозапис или на отделно заглавие | Български |
| Код за езика КДБФ | Български |
| 080 ## - УДК | |
| Текстов определител УДК | Справочно-библиографска и информационна работа - Форми на пропаганда на книгата, библиографски помагала, пътеводители по литературата и др. Вж и 028 |
| УДК код - определител по УДК | 025.5 |
| УДК - код + определител | 025.5 |
| 080 ## - УДК | |
| Текстов определител УДК | Четене. Ръководство на четенето |
| УДК код - определител по УДК | 028 |
| УДК - код + определител | 028 |
| 100 1# - Редна дума - Автор | |
| Автор | Калайджиева, Константинка Кирилова |
| Авторска отговорност | първи автор |
| R(LIN) | 377839 |
| 139 ## - Редно поле | |
| Редна дума | Калайджиева, Константинка Кирилова и др. |
| Авторски знак | Кал - К 16 |
| 245 10 - Сведения за заглавието | |
| Заглавие | Работата с популярна естествено-научна литература в библиотеките |
| Редно поле (дума) | К. Калайджиева, А. Пачева. |
| 257 ## - Страна на издаване | |
| Страна на създаване/издаване | България |
| 260 ## - Област на издателските данни | |
| Място на издаване, разпространение и проч. | София |
| Име на издателя, разпространителя и проч. | Наука и изкуство |
| Година на издаване | 1956 |
| Печатница | София : НС на ОФ |
| 300 ## - Физическа характеристика | |
| Страници | 64 с. |
| Илюстрации и др. | с ил. |
| Размери/Мащаб | 20 см |
| 380 ## - Жанр | |
| Жанр | Общ отдел |
| 500 ## - Общи забележки | |
| Забележка | Изд. на Държ. библ. В. Коларов. Науч. метод. кабинет по библиотекознание. - 1 556 тир. - Библиогр. с. 63. - Съдържа Препоръчителни списъци на естественонауч. лит. |
| 650 #4 - Допълнително описание по предмет – тема | |
| Основно описание – тема или топоним | Природонаучна литература - пропагандиране - библиотеки |
| 9 (RLIN) | 167906 |
| 653 ## - Ключова дума – ненормативна | |
| Ключова дума | работа с читатели |
| 653 ## - Ключова дума – ненормативна | |
| Ключова дума | библиотечно дело |
| 700 1# - Други автори (авторска отговорност) | |
| Лично име | Пачева, Ангелина |
| Автороска отговорност (Описва отношението между автора и произведението) | съавт. |
| 9 (RLIN) | 321871 |
| 852 ## - Местоположение | |
| Форматна сигнатура | Цб 0.205.47419 |
| Фондова буква | Хранилище |
| 856 4# - Електронен адрес и достъп | |
| Електронен формат | pdf - файл |
| 856 4# - Електронен адрес и достъп | |
| Електронен формат | pdf - файл |
| 999 ## - СИСТЕМНИ КОНТРОЛНИ НОМЕРА | |
| Koha biblionumber | 129798 |
| Koha biblioitemnumber | 129798 |
| 942 ## - АРТИКУЛИ | |
| Вид на библиотечния материал | Книги |
| Скрит в OPAC | Не |
| Периодичен библиозапис | Да |
| 944 ## - СЪЗДАВАНЕ И РЕДАКЦИЯ на ЗАПИСА | |
| Създаване/Редакция | Създаване |
| Дата на регистрацията/редакция | 24.10.2012 |
| Статус, дата на статуса | 24.10.2012 - от С1,Р / 24.10.2012 |
| Служител, извършил регистрацията/редакцията | Наталия_Медовщикова |
| 944 ## - СЪЗДАВАНЕ И РЕДАКЦИЯ на ЗАПИСА | |
| Създаване/Редакция | Редакция |
| Дата на регистрацията/редакция | 2021-03-11 |
| Служител, извършил регистрацията/редакцията | ГГГ |
| 999 ## - СИСТЕМНИ КОНТРОЛНИ НОМЕРА | |
| Koha biblioitemnumber | 129798 |
| Код за отписване | Код за изгубен артикул | Източник на класификационната схема | Код за повреда | Коз за рестрикции | Код за отдаване | Артикулен № | Име на библиотеката - собственик | Име на библиотеката, в която се намира в момента | Статус (Текущо местоположение) | Дата на вписване в системата | Местоположение - отдел | Цена в лева | Инвентарен номер | Систематично азбучна сигнатура | Баркод | Номер на екземпляра | Цена в евро | Служебна бележка | Служебен тип на артикула |
|---|---|---|---|---|---|---|---|---|---|---|---|---|---|---|---|---|---|---|---|
| Не е изгубен | Universal Decimal Classification | Не е повреден | само за читалня | ползва се в читалня | 211051 | Регионална библиотека "Любен Каравелов" Русе | Регионална библиотека "Любен Каравелов" Русе | Хранилище | 1956-01-01 | Основен фонд - ползва се само за читалня | 0.14 | 2980/56 | Цб 0.205.47419 | 900000038737 | 1 | 0.07 | N: стар фонд Дата: 01.01.1956 Дата инв: 01.04.2015 Бележки инв: О2015 | Книги | |
| Изтеглен | Не е изгубен | Не е повреден | без рестрикции | ползва се в читалня | 211052 | Регионална библиотека "Любен Каравелов" Русе | Регионална библиотека "Любен Каравелов" Русе | Методичен отдел | 1956-01-01 | Методичен отдел | 0.00 | 2972/56 | БМ 025.5/К 16 | 2972/56 | 2 | 0.00 | N: стар фонд Дата: 01.01.1956 | Книги |